| 000 | 00656nam a2200229Ia 4500 | ||
|---|---|---|---|
| 003 | OSt | ||
| 005 | 20220925201734.0 | ||
| 006 | a|||||r|||| 00| 0 | ||
| 007 | ta | ||
| 008 | 220923b |||||||| |||| 00| 0 eng d | ||
| 037 | _cGeneral Book | ||
| 040 |
_aRTL _cRTL _beng |
||
| 041 |
_2eng _aeng |
||
| 082 | _aY:351(Y15).2.N, M7 | ||
| 100 | _aJain Jagdish Chandra | ||
| 245 | 0 | _aWomen in ancient Indian tales. | |
| 260 |
_aDelhi _bMittal _c1987 |
||
| 300 |
_axix,110p _ccm. |
||
| 700 |
_a Walter Margaret _9181806 |
||
| 942 |
_hY:351(Y15).2.N, M7 _cGB _2CC |
||
| 999 |
_c541033 _d541033 |
||